Personajes de Disney - 4 - Estadísticas

Estadísticas generales
  • Esta prueba ha sido intentada 3.371 veces
  • La puntuación promedio es 8 de 20
Estadísticas de respuestas
Imagen Respuesta % Correcto
Ira / Furia
93%
Lilo
92%
Bella
91%
Mate
76%
Maui
51%
Vanellope
50%
Kronk
46%
Igor
43%
Randall
41%
Melody
29%
Yzma
26%
Alberto Scorfano
23%
Kenai
20%
Clarabella
16%
Sr. Smee
16%
Meilin, «Mei»
14%
Tigrilla
11%
Abby Patosa
10%
Reina Elinor
10%
Maggie
8%
No se encontraron pruebas coincidentes
Distribución de puntuación
Porcentaje de gente con cada puntuación
Porcentaje por número respondido
Historial de tus puntuaciones
No has intentado esta prueba.